000 00507cam a22001932 4500
001 0000009644
005 20151217160121.0
008 081114s xx 000 0 eng d
020 _a0717266613
040 _aKABU
_cKABU
100 1 _aDisney, Walt.
_@0000161373
245 1 0 _aLilo & stitch /
_cWalt Disney.
250 _a1st ed.
260 _aNew York :
_bScholastic,
_c2002.
300 _a47 p.
852 1 _9p100 KES
908 _a081114
950 _@1
999 _c14516
_d14516